| 000 | 00598nam a2200205 4500 | ||
|---|---|---|---|
| 003 | OSt | ||
| 005 | 20240628014050.0 | ||
| 006 | a | ||
| 008 | 240628b |||||||| |||| 00| 0 eng d | ||
| 020 | _a97897194348001 | ||
| 040 |
_aDWCL-Main lib. _cOC |
||
| 082 | _aFil. 371.102 K71m 2009 | ||
| 100 | _aKnight, Lizette F. | ||
| 245 | _aMaximum learning & teaching : Asian perspective / | ||
| 260 |
_aBaguio City : _bMLK Equip Pub. , _cc2009. |
||
| 300 |
_avi, _b155 p. : ill. ; _c21 cm. |
||
| 504 | _aIncludes bibliographical references. | ||
| 650 | _a1. Teaching. | ||
| 942 |
_2ddc _n0 _cBK - FIL _kFil. |
||
| 999 |
_c1544 _d1544 |
||